El periquillo sarniento

I tiakina i:
Ngā taipitopito rārangi puna kōrero
Kaituhi matua: Fernández de Lisardi, José Joaquín (Author)
Hōputu: Pukapuka
Reo:Pāniora
I whakaputaina: Madrid Cátedra 2008
Putanga:2a. ed
Rangatū:Letras Hispánicas, 421
Ngā marau:
Ngā Tūtohu: Tāpirihia he Tūtohu
Kāore He Tūtohu, Me noho koe te mea tuatahi ki te tūtohu i tēnei pūkete!

MARC

LEADER 00000cam a2200000 a 4500
001 UCF9677
003 CL-VaPUC
008 131206e20080000sp |||||||||||||||||spa|d
020 |a 9788437614960 
082 0 4 |a Me863  |b FER  |2 21 
100 0 |a Fernández de Lisardi, José Joaquín  |e author  |9 572036 
245 1 3 |a El periquillo sarniento 
250 |a 2a. ed 
300 |a 956 p 
942 |c BK 
945 |d 20131206 11:14:00  |a dcastane 
260 |a Madrid  |b Cátedra  |c 2008 
650 0 |a Novelas mexicanas  |9 317570 
650 0 |a Literatura mexicana  |9 313097 
583 |a last modification  |c 20131206 11:14:00  |k Rodrigo Vera 
490 0 |a Letras Hispánicas, 421 
999 |c 354092  |d 354090 
952 |0 0  |1 0  |3 erb  |4 0  |6 ME_863_000000000000000_FER_2008  |7 0  |8 R  |9 459742  |a BIBEDU  |b BIBEDU  |c MCIRC  |i 5031958  |o Me863 FER 2008  |p 5031958  |r 2023-01-13  |w 2019-11-23  |y BK_R  |z Catalogado en:20131206  |k LIT